<?xml version="1.0" encoding="UTF-8"?><?xml-stylesheet type="text/xsl" href="static/style.xsl"?><OAI-PMH xmlns="http://www.openarchives.org/OAI/2.0/" xmlns:xsi="http://www.w3.org/2001/XMLSchema-instance" xsi:schemaLocation="http://www.openarchives.org/OAI/2.0/ http://www.openarchives.org/OAI/2.0/OAI-PMH.xsd"><responseDate>2026-04-14T18:19:38Z</responseDate><request verb="GetRecord" identifier="oai:uvadoc.uva.es:10324/754" metadataPrefix="marc">https://uvadoc.uva.es/oai/request</request><GetRecord><record><header><identifier>oai:uvadoc.uva.es:10324/754</identifier><datestamp>2021-09-07T09:23:07Z</datestamp><setSpec>com_10324_150</setSpec><setSpec>col_10324_696</setSpec></header><metadata><record xmlns="http://www.loc.gov/MARC21/slim" xmlns:doc="http://www.lyncode.com/xoai" xmlns:xsi="http://www.w3.org/2001/XMLSchema-instance" xmlns:dcterms="http://purl.org/dc/terms/" xsi:schemaLocation="http://www.loc.gov/MARC21/slim http://www.loc.gov/standards/marcxml/schema/MARC21slim.xsd">
<leader>00925njm 22002777a 4500</leader>
<datafield tag="042" ind1=" " ind2=" ">
<subfield code="a">dc</subfield>
</datafield>
<datafield tag="720" ind1=" " ind2=" ">
<subfield code="a">Benzoni, Girolamo</subfield>
<subfield code="e">author</subfield>
</datafield>
<datafield tag="260" ind1=" " ind2=" ">
<subfield code="c">1594</subfield>
</datafield>
<datafield tag="024" ind2=" " ind1="8">
<subfield code="a">Adams, B2993</subfield>
</datafield>
<datafield tag="024" ind2=" " ind1="8">
<subfield code="a">NUC, NB 0901268</subfield>
</datafield>
<datafield tag="024" ind2=" " ind1="8">
<subfield code="a">http://uvadoc.uva.es/handle/10324/754</subfield>
</datafield>
<datafield tag="024" ind2=" " ind1="8">
<subfield code="a">b1248930</subfield>
</datafield>
<datafield ind1=" " ind2=" " tag="653">
<subfield code="a">América Latina - Historia - Hasta 1600</subfield>
</datafield>
<datafield ind1=" " ind2=" " tag="653">
<subfield code="a">España - Colonias - América Latina - Administración</subfield>
</datafield>
<datafield ind1=" " ind2=" " tag="653">
<subfield code="a">América Latina - Descubrimiento y exploración españoles</subfield>
</datafield>
<datafield tag="245" ind1="0" ind2="0">
<subfield code="a">Americae pars quarta: sive insignis et admiranda historia de reperta primum Occidentali India a Christophoro Columbo anno MCCCCXCII / scripta a Hieronymo Benzono Mediolanense, qui istic annis XIIII. versatus, diligenter omnia observavit ; Addita ad singula ferè capita, non contemnenda scholia, in quibus agitur de earum etiam gentium idololatria ; Accessit praeterea illarum regionum  tabula chorographica  ; omnia elegantibus figuris in aes incisis expressa a Theodoro de Bry Leodiense cive     Francofurtensi, anno M D XCIIII. ...</subfield>
</datafield>
</record></metadata></record></GetRecord></OAI-PMH>